000 00317nam a22000977a 4500
008 130902b xxu||||| |||| 00| 0 eng d
010 _aHCCSF - 118
245 _aHIGH COURT CIVIL SUIT NO. 44 OF 1976 NOVU BAKULIMYA VS. TRIBSON SSERUWU
260 _aUGANDA HIGH COURT
_c7TH JULY 1977
500 _3BEFORE: JUSTICE F.M. SSEKANDI
999 _c5679
_d5679